Statistics for Japanese Inventions

Click here to take the quiz!

General Stats

  • This quiz has been taken 15,780 times
  • The average score is 10 of 18

Answer Stats

ClueYearAnswer% Correct
This thing
1994QR code
88%
These things
1997Emoji
85%
Machine that helps people sing along to a music video1981Karaoke
83%
Circular media for storing up to 74 minute of music1982Compact disc
81%
Martial arts style that originated in Okinawa?Karate
81%
Type of train1964Bullet train
76%
Martial arts style in the Olympic games1882Judo
68%
Small dessert item which can predict the future≈ 1900Fortune cookie
67%
Type of battery that powers phones, laptops, and electric vehicles1985{Lithium}-ion
66%
Just add boiling water to get a tasty meal1958{Instant} noodles
59%
Wristwatches that use this type of crystal1967Quartz
50%
Hotel with very tiny rooms, sometimes stacked on top of one another1979{Capsule} hotel
46%
Type of ship, later employed at the Battle of Midway1922Aircraft carrier
36%
Type of salt which gives food an "umami" flavor1908Monosodium glutamate
34%
The 113th element of the Periodic Table, named for the country of Japan2004{Nihon}ium
34%
Addictive drug which gives people manic energy1893Methamphetamine
31%
Strand of repeated DNA which can be used for gene editing (hint: acronym)1987CRISPR
26%
The Fujita scale, used to measure the strength of ...1971Tornadoes
23%

Score Distribution

Percentile by Number Answered

Percent of People with Each Score

Your Score History

You have not taken this quiz